Палая листва. Полковнику никто не пишет. Сто лет одиночества: Повести. Роман; пер. с исп.

Xehetasun bibliografikoak
Egile nagusia: Гарсия (Гарсиа) Маркес Г. Габриель (Габриэль)
Gaia:Исключено из фонда НТБ ТПУ
Hizkuntza:errusiera
Argitaratua: Кемерово, Кемеровское кн. изд-во, 1989
Formatua: Liburua
KOHA link:https://koha.lib.tpu.ru/cgi-bin/koha/opac-detail.pl?biblionumber=68935

MARC

LEADER 00000nam0a2200000 4500
001 68935
005 20231031075249.0
010 |a 5755000573 
035 |a (RuTPU)RU\TPU\book\73404 
090 |a 68935 
100 |a 20041012d1989 m y0rusy50 ca 
101 1 |a rus  |c spa 
102 |a RU 
105 |a a z 000ay 
200 1 |a Палая листва. Полковнику никто не пишет. Сто лет одиночества  |e Повести. Роман  |e пер. с исп.  |f Г. Гарсиа Маркес 
210 |a Кемерово  |c Кемеровское кн. изд-во  |d 1989 
215 |a 478 с.  |c ил. 
333 |a Исключено из фонда НТБ ТПУ 
675 |a 86  |v 3 
700 1 |a Гарсия (Гарсиа) Маркес  |b Г.  |c колумбийский писатель, журналист, издатель и политический деятель  |c лауреат Нобелевской премии  |f 1928-  |g Габриель (Габриэль)  |2 stltpush  |3 (RuTPU)RU\TPU\pers\21227 
801 1 |a RU  |b 63413507  |c 20041012  |g PSBO 
801 2 |a RU  |b 63413507  |c 20211222  |g PSBO 
942 |c BK